Statistics for Countries that have "tan" in their name

Click here to take the quiz!

General Stats

  • This quiz has been taken 480 times
    (442 since last reset)
  • The average score is 8 of 11

Answer Stats

Answer% Correct
Pakistan
93%
Afghanistan
91%
Uzbekistan
89%
Kazakhstan
87%
Kyrgyzstan
86%
Tajikistan
85%
Turkmenistan
85%
Tanzania
68%
Bhutan
55%
Mauritania
28%
Saint Vincent and the Grenadines
10%

Score Distribution

Percentile by Number Answered

Percent of People with Each Score

Your Score History

You have not taken this quiz since the last reset